Personnalités politiques françaises n°2 - Statistiques

Statistiques générales
  • Ce quiz a été pris 15 533 fois
  • Le résultat moyen est 10 sur 20
Statistiques - réponses
Par images Réponse % Correct
Jacques Chirac
99%
Marion Maréchal
90%
François Fillon
89%
Valérie Pécresse
87%
Bernard Tapie
78%
Benoît Hamon
74%
Clémentine Autain
54%
Florian Philippot
53%
Alexis Corbière
50%
Nadine Morano
50%
Éva Joly
48%
Daniel Cohn-Bendit
47%
Nathalie Arthaud
47%
Aurore Bergé
33%
Gérard Collomb
31%
Robert Hue
30%
Rama Yade
27%
Pierre Moscovici
23%
Édith Cresson
22%
Françoise Nyssen
6%
Aucun quiz correspondant
Distribution des résultats
% des personnes avec chaque résultat
Percentile par nombre de réponses
Votre historique - résultats
Vous n’avez pas pris ce quiz